export_success — 

Dies ire dies illa : Studien zur Frühgeschichte einer Sequenz /

Saved in:
Bibliographic Details
Main Author: Vellekoop, Kees.
Format: Book
Language:German
Published: Bilthoven : A. B. Creyghton, 1978.
Series:Utrechtse bijdragen tot de muziekwetenschap.
Subjects:
Tags: Add Tag
No Tags, Be the first to tag this record!
LEADER 01360cam a2200373 i 4500
001 004852286-4
005 20070901114500.0
008 780802s1978 ne ag b 001 0 ger
010 |a  78373490 /MN/r882 
015 |a Ne*** 
035 0 |a ocm04093734 
040 |a DLC  |c DLC  |d HTV 
041 0 |a gerdutlat 
050 0 |a ML178  |b .V25 
050 0 |a ML178  |b .V25 1978 
082 |a 783.2/1 
100 1 |a Vellekoop, Kees. 
245 1 0 |a Dies ire dies illa :  |b Studien zur Frühgeschichte einer Sequenz /  |c Kees Vellekoop. 
260 |a Bilthoven :  |b A. B. Creyghton,  |c 1978. 
300 |a 262 p. :  |b ill., music ;  |c 26 cm. 
490 1 |a Utrechtse bijdragen tot de muziekwetenschap 
500 |a Includes the text of Dies irae in Latin. 
500 |a In German; preface in Dutch; summary in Dutch and German. 
500 |a Originally presented as the author's thesis, Utrecht. 
500 |a Includes indexes. 
504 |a Bibliography: p. 254-259. 
650 0 |a Dies irae (Music)  |x History and criticism. 
650 0 |a Music  |y 500-1400  |x History and criticism. 
655 7 |a Criticism, interpretation, etc.  |2 fast 
730 0 2 |a Dies irae. 1978. 
776 0 8 |i Online version:  |a Vellekoop, Kees.  |t Dies ire dies illa.  |d Bilthoven : A.B. Creyghton, 1978  |w (OCoLC)561842162 
830 0 |a Utrechtse bijdragen tot de muziekwetenschap. 
988 |a 20020608 
906 |0 DLC